00596cam a22001812 4500001001100000005001700011008004100028020001200069040001500081050002100096245011400117260004400231300001100275600003400286650005400320700003700374852000300411000000327320151217151921.0070502s xx 000 0 eng d cKES 100 aKABUcKABU 0aHQ1236.5b.K4W6610aWomen and law in Kenya :bperspectives and emerging issues /ced. by Mary Adhiambo Mbeo, and Oki Ooko-Ombaka. aNairobi :bPublic Law Institute,c1989. a130 p.10aOoko-Ombaka, Oki.@0000153044 0aWomenxLegal Status, Law, etczKenya.@00001530451 aMbeo, Mary Adhiambo.@00001530461